000
00320nam a22001457a 4500
008
210322b ||||| |||| 00| 0 eng d
020
_a
9780130975850
041
_a
eng
080
_2
8th
_a
82
082
_a
82
100
_a
21
101
_a
GJL
245
_a
Writing about Literature
_c
Roberts, E. V
942
_2
udc
_c
BK
999
_c
56638
_d
56638